Cours complet de pédagogie et de méthodologie : (Record no. 19403)
[ view plain ]
| 000 -LEADER | |
|---|---|
| fixed length control field | 00647cam a2200193 a 4500 |
| 001 - CONTROL NUMBER | |
| control field | e 12001404 |
| 003 - CONTROL NUMBER IDENTIFIER | |
| control field | DLC |
| 005 - DATE AND TIME OF LATEST TRANSACTION | |
| control field | 20260227111158.0 |
| 008 - FIXED-LENGTH DATA ELEMENTS--GENERAL INFORMATION | |
| fixed length control field | 990602s1885 fr 000 0 fre c |
| 010 ## - LIBRARY OF CONGRESS CONTROL NUMBER | |
| LC control number | e 12001404 |
| 040 ## - CATALOGING SOURCE | |
| Original cataloging agency | U.S. Bur of Ed. Lib. |
| Transcribing agency | NIE |
| Modifying agency | DLC |
| 050 00 - LIBRARY OF CONGRESS CALL NUMBER | |
| Classification number | LB1025 |
| Item number | .B69 1885 |
| 100 1# - MAIN ENTRY--PERSONAL NAME | |
| Personal name | Braun, Thomas, |
| Dates associated with a name | 1814- |
| 245 10 - TITLE STATEMENT | |
| Title | Cours complet de pédagogie et de méthodologie : |
| Remainder of title | rédigé conformément au programme d'études officiel des écoles et sections normales primaires / |
| Statement of responsibility, etc. | par Th. Braun. |
| 260 ## - PUBLICATION, DISTRIBUTION, ETC. | |
| Place of publication, distribution, etc. | Paris : |
| Name of publisher, distributor, etc. | A. Ract, |
| Date of publication, distribution, etc. | 1885. |
| 300 ## - PHYSICAL DESCRIPTION | |
| Extent | 1, vi, [8]-954 p. ; |
| Dimensions | 23 cm. |
| 650 #0 - SUBJECT ADDED ENTRY--TOPICAL TERM | |
| Topical term or geographic name entry element | Teaching. |
| 650 #0 - SUBJECT ADDED ENTRY--TOPICAL TERM | |
| Topical term or geographic name entry element | Education. |
No items available.